000 00354cam a22001217a 4500
008 180718b1978 xxu||||| |||| 00| 0 eng d
082 _aZ000x5444 N143
100 _aNaib, V.P.
245 _aLand army: an experiment in rural development
_cby V.P. Naib
260 _aDelhi
_bVikas
_c1978
300 _a156p.
650 _aRural development - India - Karnataka
999 _c349498
_d349498